[Event "Hampshire Major"]
[Site "Eastleigh"]
[Date "2012.11.17"]
[Round "4"]
[White "Dore, Alexandre"]
[Black "Stone, Mark R"]
[Result "1-0"]
[WhiteElo "1600"]
[BlackElo "1600"]
[PlyCount "81"]
[EventDate "2012.11.16"]
[EventType "swiss"]
[EventRounds "6"]
[EventCountry "ENG"]
[SourceTitle "BritBase"]
[Source "John Saunders"]
[SourceDate "2025.01.31"]
[SourceVersion "1"]
[SourceVersionDate "2025.01.31"]
[SourceQuality "1"]

1. e4 d5 2. exd5 Qxd5 3. d4 e5 4. dxe5 Qxd1+ 5. Kxd1 Nc6 6. Bb5 Bg4+ 7. f3 O-O-O+ 8. Ke1 Nd4 9. Bd3 Bh5 10. Ne2 Nc6 11. Nf4 Bg6 12. Nxg6 hxg6 13. f4 Bc5 14. Nc3 a6 15. Ne4 Ba7 16. Bd2 Nh6 17. h3 Rhe8 18. Bc3 Nf5 19. g4 Ne3 20. Ng5 Ng2+ 21. Kd2 Nxf4 22. Nxf7 Rd7 23. Ng5 Bd4 24. Raf1 Bxc3+ 25. Kxc3 Nd5+ 26. Kd2 Ndb4 27. e6 Rd6 28. Rf7 Nxd3 29. cxd3 Ne5 30. Rxg7 Nxd3 31. Kc2 Nb4+ 32. Kb1 Nc6 33. Rxg6 Nd4 34. h4 Nxe6 35. Rxe6 Rdxe6 36. Nxe6 Rxe6 37. h5 Kd8 38. g5 Ke8 39. g6 Kf8 40. h6 Rxg6 41. h7 1-0

[Event "Hampshire Major"]
[Site "Eastleigh"]
[Date "2012.11.17"]
[Round "4"]
[White "Jones, Gareth Aneurin"]
[Black "Wilson, Matthew R"]
[Result "1-0"]
[WhiteElo "1824"]
[BlackElo "1792"]
[PlyCount "35"]
[EventDate "2012.11.16"]
[EventType "swiss"]
[EventRounds "6"]
[EventCountry "ENG"]
[SourceTitle "BritBase"]
[Source "John Saunders"]
[SourceDate "2025.01.31"]
[SourceVersion "1"]
[SourceVersionDate "2025.01.31"]
[SourceQuality "1"]

1. Nf3 Nf6 2. g3 c5 3. Bg2 Nc6 4. d4 cxd4 5. Nxd4 Qb6 6. Nb3 d6 7. O-O g6 8. Be3 Qa6 9. Nc3 Bg7 10. a4 Be6 11. Nb5 Rc8 12. N3d4 Nxd4 13. Bxd4 Bc4 14. b3 Bxb5 15. axb5 Qxb5 16. Rxa7 Rb8 17. c4 Qb4 18. Ra4 1-0

[Event "Hampshire Major"]
[Site "Eastleigh"]
[Date "2012.11.17"]
[Round "4"]
[White "Ross, David EC"]
[Black "Sullivan, Ken"]
[Result "0-1"]
[WhiteElo "1704"]
[BlackElo "1640"]
[PlyCount "28"]
[EventDate "2012.11.16"]
[EventType "swiss"]
[EventRounds "6"]
[EventCountry "ENG"]
[SourceTitle "BritBase"]
[Source "John Saunders"]
[SourceDate "2025.01.31"]
[SourceVersion "1"]
[SourceVersionDate "2025.01.31"]
[SourceQuality "1"]

1. e4 d5 2. exd5 Qxd5 3. Nc3 Qd6 4. d4 Nf6 5. Nf3 a6 6. a4 Bg4 7. Bc4 e6 8. h3 Bh5 9. g4 Bg6 10. Ne5 Nc6 11. g5 Nxe5 12. dxe5 Qxe5+ 13. Be3 Ne4 14. Nxe4 Qxe4 0-1

[Event "Hampshire Major"]
[Site "Eastleigh"]
[Date "2012.11.17"]
[Round "4"]
[White "Russell, Steve J"]
[Black "Venables, Simon"]
[Result "1/2-1/2"]
[WhiteElo "1624"]
[BlackElo "1712"]
[PlyCount "71"]
[EventDate "2012.11.16"]
[EventType "swiss"]
[EventRounds "6"]
[EventCountry "ENG"]
[SourceTitle "BritBase"]
[Source "John Saunders"]
[SourceDate "2025.01.31"]
[SourceVersion "1"]
[SourceVersionDate "2025.01.31"]
[SourceQuality "1"]

1. e4 e5 2. Nf3 Nc6 3. Bb5 Bc5 4. c3 Nf6 5. d3 d6 6. O-O Bg4 7. h3 Bh5 8. Nbd2 a6 9. Ba4 b5 10. Bc2 O-O 11. Re1 a5 12. Nf1 h6 13. Ng3 Bg6 14. Be3 Nh5 15. Bxc5 dxc5 16. Nxh5 Bxh5 17. g4 Bg6 18. Qd2 Qf6 19. Kg2 Rad8 20. Qe3 Qe7 21. Rad1 a4 22. a3 Kh8 23. Rd2 Bh7 24. Rdd1 Qd6 25. Re2 Rd7 26. c4 Nd4 27. Nxd4 cxd4 28. Qd2 c6 29. Qb4 Qxb4 30. axb4 Rb8 31. c5 Ra7 32. Ra1 Rba8 33. Ra3 Bg8 34. Re1 f6 35. Rea1 Kh7 36. Bd1 1/2-1/2

[Event "Hampshire Major"]
[Site "Eastleigh"]
[Date "2012.11.17"]
[Round "4"]
[White "Syed, Ashraf"]
[Black "Matthew, Ian G"]
[Result "1/2-1/2"]
[WhiteElo "1648"]
[BlackElo "1752"]
[PlyCount "44"]
[EventDate "2012.11.16"]
[EventType "swiss"]
[EventRounds "6"]
[EventCountry "ENG"]
[SourceTitle "BritBase"]
[Source "John Saunders"]
[SourceDate "2025.01.31"]
[SourceVersion "1"]
[SourceVersionDate "2025.01.31"]
[SourceQuality "1"]

1. Nf3 c5 2. e4 e6 3. c3 Nc6 4. d4 cxd4 5. cxd4 d5 6. e5 Nge7 7. Bd3 Ng6 8. O-O Be7 9. Nc3 Bd7 10. h3 O-O 11. Be3 Be8 12. Bxg6 fxg6 13. Qd2 h6 14. Ne2 g5 15. Nh2 Bg6 16. f4 Qb6 17. fxg5 Bb4 18. Qd1 hxg5 19. Nf3 Ne7 20. a3 Nf5 21. Bxg5 Be7 22. Bxe7 Nxe7 1/2-1/2

[Event "Hampshire Major"]
[Site "Eastleigh"]
[Date "2012.11.18"]
[Round "5"]
[White "Hurn, Paul AT"]
[Black "Conway, Alexander"]
[Result "1/2-1/2"]
[WhiteElo "1680"]
[BlackElo "1688"]
[PlyCount "65"]
[EventDate "2012.11.16"]
[EventType "swiss"]
[EventRounds "6"]
[EventCountry "ENG"]
[SourceTitle "BritBase"]
[Source "John Saunders"]
[SourceDate "2025.01.31"]
[SourceVersion "1"]
[SourceVersionDate "2025.01.31"]
[SourceQuality "1"]

1. e4 d5 2. exd5 Nf6 3. d4 Nxd5 4. c4 Nb6 5. Nc3 e5 6. Be3 Bb4 7. Qb3 exd4 8. Rd1 c5 9. Bxd4 cxd4 10. Qxb4 Nc6 11. Qa3 a6 12. Ne4 Qe7 13. Qxe7+ Kxe7 14. c5 Nd5 15. Ne2 Ndb4 16. Rd2 Bf5 17. N2g3 Bxe4 18. Nxe4 Nxa2 19. Nd6 b6 20. Nf5+ Kf6 21. Nxd4 Rhe8+ 22. Kd1 Nxd4 23. Rxd4 bxc5 24. Rd6+ Re6 25. Rxe6+ fxe6 26. Bc4 Rd8+ 27. Ke2 Rb8 28. b3 Nc3+ 29. Kd3 Nb5 30. Ra1 Rb6 31. f4 h5 32. Re1 Nd4 33. Kc3 1/2-1/2

[Event "Hampshire Major"]
[Site "Eastleigh"]
[Date "2012.11.18"]
[Round "5"]
[White "Mallon, Gunnar"]
[Black "French, Max"]
[Result "1/2-1/2"]
[WhiteElo "1736"]
[BlackElo "1608"]
[PlyCount "67"]
[EventDate "2012.11.16"]
[EventType "swiss"]
[EventRounds "6"]
[EventCountry "ENG"]
[SourceTitle "BritBase"]
[Source "John Saunders"]
[SourceDate "2025.01.31"]
[SourceVersion "1"]
[SourceVersionDate "2025.01.31"]
[SourceQuality "1"]

1. c4 Nf6 2. Nc3 d5 3. cxd5 Nxd5 4. g3 Nc6 5. Bg2 Nxc3 6. bxc3 e5 7. e4 Be6 8. d3 Bc5 9. Be3 Bb6 10. Ne2 O-O 11. O-O Qd6 12. Qc2 Rfd8 13. Rad1 Qa3 14. c4 Nb4 15. Qb3 Qxb3 16. axb3 Bxe3 17. fxe3 Rxd3 18. Rxd3 Nxd3 19. Nc3 c6 20. Rd1 Nc5 21. b4 Na6 22. b5 Nb4 23. bxc6 Nxc6 24. Nd5 Rd8 25. Bf1 Bg4 26. Rb1 b6 27. h3 Bf3 28. Bd3 Kf8 29. g4 Ne7 30. Kf2 Nxd5 31. cxd5 Bxg4 32. hxg4 Ke7 33. g5 Rd6 34. Rc1 1/2-1/2

[Event "Hampshire Major"]
[Site "Eastleigh"]
[Date "2012.11.18"]
[Round "5"]
[White "Matthew, Ian G"]
[Black "Agostinelli, David R"]
[Result "1/2-1/2"]
[WhiteElo "1752"]
[BlackElo "1640"]
[PlyCount "49"]
[EventDate "2012.11.16"]
[EventType "swiss"]
[EventRounds "6"]
[EventCountry "ENG"]
[SourceTitle "BritBase"]
[Source "John Saunders"]
[SourceDate "2025.01.31"]
[SourceVersion "1"]
[SourceVersionDate "2025.01.31"]
[SourceQuality "1"]

1. e4 e5 2. Nc3 Nf6 3. Bc4 Nc6 4. d3 d6 5. f4 Bg4 6. Nge2 Na5 7. Bb3 Nxb3 8. axb3 exf4 9. Bxf4 c6 10. Qd2 Bxe2 11. Qxe2 Be7 12. O-O O-O 13. Be3 a6 14. Rf3 d5 15. e5 Nd7 16. d4 Bg5 17. Bxg5 Qxg5 18. Rg3 Qh6 19. Rf1 Rae8 20. Nd1 Qe6 21. Qd3 f6 22. Rh3 g6 23. exf6 Nxf6 24. Re3 Ne4 25. Rxf8+ 1/2-1/2

[Event "Hampshire Major"]
[Site "Eastleigh"]
[Date "2012.11.18"]
[Round "5"]
[White "Moore, Gillian A"]
[Black "Stone, Mark R"]
[Result "0-1"]
[WhiteElo "1760"]
[BlackElo "1600"]
[PlyCount "111"]
[EventDate "2012.11.16"]
[EventType "swiss"]
[EventRounds "6"]
[EventCountry "ENG"]
[SourceTitle "BritBase"]
[Source "John Saunders"]
[SourceDate "2025.01.31"]
[SourceVersion "1"]
[SourceVersionDate "2025.01.31"]
[SourceQuality "1"]

1. d4 d5 2. Bg5 c5 3. dxc5 Qa5+ 4. Nc3 e6 5. Nf3 Nc6 6. e3 a6 7. Bf4 Bxc5 8. Bd3 Nf6 9. O-O O-O 10. a3 Qd8 11. b4 Bd6 12. Bxd6 Qxd6 13. Qe2 b5 14. Rfd1 Ne5 15. h3 Bb7 16. Nxe5 Qxe5 17. Qd2 Rac8 18. Ne2 Rfd8 19. Ng3 Qc7 20. Qc1 Ne4 21. Bxe4 dxe4 22. Rxd8+ Rxd8 23. Ne2 Qc4 24. Kf1 e5 25. Ke1 f5 26. Qb2 Qc7 27. Rd1 Rxd1+ 28. Kxd1 Qd6+ 29. Kc1 Bd5 30. Qc3 Bc4 31. Qe1 h5 32. g3 g5 33. Nc3 Be6 34. Qd2 Qxd2+ 35. Kxd2 Kf7 36. Kc1 Ke7 37. Kb2 Kd6 38. a4 bxa4 39. Nxa4 Bd7 40. Kb3 Bc6 41. c4 h4 42. Nc5 hxg3 43. fxg3 f4 44. gxf4 exf4 45. Kc2 f3 46. Kd2 a5 47. Na6 axb4 48. Nxb4 Bd7 49. Ke1 Bxh3 50. Nd5 Be6 51. Nf6 Kc5 52. Nh7 g4 53. Kf2 Bxc4 54. Kg3 Be6 55. Ng5 Bd7 56. Nh7 0-1

[Event "Hampshire Major"]
[Site "Eastleigh"]
[Date "2012.11.18"]
[Round "5"]
[White "Samuels, Henry Alexander"]
[Black "Russell, Steve J"]
[Result "0-1"]
[WhiteElo "1824"]
[BlackElo "1624"]
[PlyCount "76"]
[EventDate "2012.11.16"]
[EventType "swiss"]
[EventRounds "6"]
[EventCountry "ENG"]
[SourceTitle "BritBase"]
[Source "John Saunders"]
[SourceDate "2025.01.31"]
[SourceVersion "1"]
[SourceVersionDate "2025.01.31"]
[SourceQuality "1"]

1. d4 Nf6 2. c4 c5 3. e3 g6 4. Nf3 Bg7 5. Be2 cxd4 6. exd4 d6 7. O-O O-O 8. h3 b6 9. Nc3 Bb7 10. Be3 Nbd7 11. Rc1 Rc8 12. b3 Re8 13. d5 Nc5 14. Bd4 a6 15. Nh2 e5 16. dxe6 fxe6 17. f4 e5 18. Be3 e4 19. Ng4 Qe7 20. Nxf6+ Qxf6 21. Nd5 Bxd5 22. Qxd5+ Kh8 23. Rcd1 Rcd8 24. b4 Nd3 25. Bxb6 Nxf4 26. Rxf4 Qxf4 27. Bxd8 Rxd8 28. Bf1 Rf8 29. Qxd6 Be5 30. Qxf8+ Qxf8 31. c5 e3 32. Bxa6 Qf2+ 33. Kh1 Qg3 34. Kg1 Qh2+ 35. Kf1 Qh1+ 36. Ke2 Qxg2+ 37. Kxe3 Qxh3+ 38. Ke2 Qg4+ 0-1

[Event "Hampshire Major"]
[Site "Eastleigh"]
[Date "2012.11.18"]
[Round "5"]
[White "Smith, Steve J"]
[Black "Pope, Michael"]
[Result "1-0"]
[WhiteElo "1856"]
[BlackElo "1624"]
[PlyCount "63"]
[EventDate "2012.11.16"]
[EventType "swiss"]
[EventRounds "6"]
[EventCountry "ENG"]
[SourceTitle "BritBase"]
[Source "John Saunders"]
[SourceDate "2025.01.31"]
[SourceVersion "1"]
[SourceVersionDate "2025.01.31"]
[SourceQuality "1"]

1. d4 Nf6 2. c4 e6 3. Nf3 b6 4. g3 Bb7 5. Bg2 Bb4+ 6. Nc3 Bxc3+ 7. bxc3 O-O 8. O-O d6 9. Nd2 Bxg2 10. Kxg2 d5 11. Ba3 Re8 12. c5 bxc5 13. Bxc5 Nbd7 14. Ba3 Nb6 15. Qc2 Qd7 16. Bc5 Qc6 17. a4 a5 18. Rfb1 Nfd7 19. Bxb6 Nxb6 20. Rb5 e5 21. Rc5 Qd6 22. Nb3 Nc4 23. Kg1 e4 24. e3 f5 25. Nd2 Nxd2 26. Qxd2 Reb8 27. Qa2 c6 28. c4 Qf6 29. cxd5 cxd5 30. Qxd5+ Kh8 31. Qxf5 Qa6 32. Qxe4 1-0

[Event "Hampshire Major"]
[Site "Eastleigh"]
[Date "2012.11.18"]
[Round "5"]
[White "Sullivan, Ken"]
[Black "Syed, Ashraf"]
[Result "1/2-1/2"]
[WhiteElo "1640"]
[BlackElo "1648"]
[PlyCount "26"]
[EventDate "2012.11.16"]
[EventType "swiss"]
[EventRounds "6"]
[EventCountry "ENG"]
[SourceTitle "BritBase"]
[Source "John Saunders"]
[SourceDate "2025.01.31"]
[SourceVersion "1"]
[SourceVersionDate "2025.01.31"]
[SourceQuality "1"]

1. e4 d5 2. exd5 Qxd5 3. Nf3 Bg4 4. Be2 Nf6 5. d4 e6 6. c4 Qd8 7. O-O c6 8. Nc3 Bd6 9. Be3 O-O 10. Qd2 Nbd7 11. Bf4 Qc7 12. Bxd6 Qxd6 13. Rad1 Rad8 1/2-1/2

[Event "Hampshire Major"]
[Site "Eastleigh"]
[Date "2012.11.18"]
[Round "5"]
[White "Venables, Simon"]
[Black "Dore, Alexandre"]
[Result "1-0"]
[WhiteElo "1712"]
[BlackElo "1600"]
[PlyCount "63"]
[EventDate "2012.11.16"]
[EventType "swiss"]
[EventRounds "6"]
[EventCountry "ENG"]
[SourceTitle "BritBase"]
[Source "John Saunders"]
[SourceDate "2025.01.31"]
[SourceVersion "1"]
[SourceVersionDate "2025.01.31"]
[SourceQuality "1"]

1. d4 d5 2. c4 Nc6 3. cxd5 Qxd5 4. Nf3 e5 5. Nc3 Bb4 6. Bd2 Bxc3 7. Bxc3 e4 8. Nd2 Nf6 9. e3 Bg4 10. Qc2 b5 11. Nb3 a6 12. h3 Bh5 13. Be2 Bxe2 14. Qxe2 O-O 15. O-O Nd7 16. Rac1 f5 17. Bd2 g5 18. Qh5 Kh8 19. Rc2 Rf6 20. Nc5 Rg6 21. Nxd7 Qxd7 22. Rc5 Rag8 23. d5 g4 24. Bc3+ R8g7 25. Bxg7+ Rxg7 26. dxc6 Qd6 27. Rxf5 gxh3 28. Qxh3 Rg6 29. g3 Qxc6 30. Rh5 Rg7 31. Kg2 Qc2 32. Rh1 1-0

[Event "Hampshire Major"]
[Site "Eastleigh"]
[Date "2012.11.18"]
[Round "5"]
[White "Williams, Robin J"]
[Black "Ross, David EC"]
[Result "1/2-1/2"]
[WhiteElo "1584"]
[BlackElo "1704"]
[PlyCount "69"]
[EventDate "2012.11.16"]
[EventType "swiss"]
[EventRounds "6"]
[EventCountry "ENG"]
[SourceTitle "BritBase"]
[Source "John Saunders"]
[SourceDate "2025.01.31"]
[SourceVersion "1"]
[SourceVersionDate "2025.01.31"]
[SourceQuality "1"]

1. f4 d5 2. Nf3 Nf6 3. b3 g6 4. Bb2 Bg7 5. e3 c5 6. Be2 Nc6 7. O-O Bf5 8. d3 O-O 9. Ne5 Nd7 10. Nxc6 bxc6 11. Bxg7 Kxg7 12. Nd2 f6 13. e4 Be6 14. g4 Bf7 15. Nf3 e5 16. f5 g5 {(=)} 17. h4 h6 18. hxg5 hxg5 19. Kg2 Rh8 20. Rh1 Rxh1 21. Qxh1 Qh8 22. Qxh8+ Rxh8 23. Rh1 Rxh1 24. Kxh1 d4 25. Nd2 Nb6 26. Kg2 a5 27. Nc4 Bxc4 28. dxc4 Nd7 {(=)} 29. Kf2 Nb8 30. Ke1 Na6 31. a3 Kf7 32. Kd2 Ke7 33. Kc1 Kd6 34. Kb2 Kc7 35. Ka2 1/2-1/2

[Event "Hampshire Major"]
[Site "Eastleigh"]
[Date "2012.11.18"]
[Round "6"]
[White "Agostinelli, David R"]
[Black "Syed, Ashraf"]
[Result "1/2-1/2"]
[WhiteElo "1640"]
[BlackElo "1648"]
[PlyCount "40"]
[EventDate "2012.11.16"]
[EventType "swiss"]
[EventRounds "6"]
[EventCountry "ENG"]
[SourceTitle "BritBase"]
[Source "John Saunders"]
[SourceDate "2025.01.31"]
[SourceVersion "1"]
[SourceVersionDate "2025.01.31"]
[SourceQuality "1"]

1. c4 c5 2. g3 g6 3. Bg2 Bg7 4. Nc3 Nc6 5. Nf3 Nf6 6. d4 cxd4 7. Nxd4 O-O 8. O-O Qb6 9. Nxc6 dxc6 10. Qc2 e5 11. e4 Be6 12. Be3 Qc7 13. b3 Qc8 14. f3 Bh3 15. Rad1 Bxg2 16. Kxg2 b6 17. Rd3 Qc7 18. Rfd1 Rfd8 19. Qd2 Rxd3 20. Qxd3 Bf8 1/2-1/2

[Event "Hampshire Major"]
[Site "Eastleigh"]
[Date "2012.11.18"]
[Round "6"]
[White "Conway, Alexander"]
[Black "Russell, Steve J"]
[Result "1-0"]
[WhiteElo "1688"]
[BlackElo "1624"]
[PlyCount "65"]
[EventDate "2012.11.16"]
[EventType "swiss"]
[EventRounds "6"]
[EventCountry "ENG"]
[SourceTitle "BritBase"]
[Source "John Saunders"]
[SourceDate "2025.01.31"]
[SourceVersion "1"]
[SourceVersionDate "2025.01.31"]
[SourceQuality "1"]

1. e4 e6 2. d4 d5 3. exd5 exd5 4. c4 Nf6 5. Nf3 Be7 6. Nc3 O-O 7. Qb3 dxc4 8. Bxc4 Nc6 9. Ng5 Qe8 10. Nb5 Bb4+ 11. Kd1 Ba5 12. Bd2 Bxd2 13. Kxd2 Na5 14. Bxf7+ Qxf7 15. Nxf7 Nxb3+ 16. axb3 Kxf7 17. Nxc7 Rb8 18. Rac1 b6 19. Nb5 Bg4 20. Rc7+ Kg6 21. f3 Be6 22. b4 a6 23. Nc3 Rfd8 24. Kd3 Bf5+ 25. Ke3 b5 26. g4 Be6 27. h4 Bd7 28. h5+ Kh6 29. Kf4 g5+ 30. hxg6+ Kxg6 31. g5 Nh5+ 32. Ke3 Re8+ 33. Ne4 1-0

[Event "Hampshire Major"]
[Site "Eastleigh"]
[Date "2012.11.18"]
[Round "6"]
[White "Foley, Phil T"]
[Black "Williams, Robin J"]
[Result "0-1"]
[WhiteElo "1640"]
[BlackElo "1584"]
[PlyCount "74"]
[EventDate "2012.11.16"]
[EventType "swiss"]
[EventRounds "6"]
[EventCountry "ENG"]
[SourceTitle "BritBase"]
[Source "John Saunders"]
[SourceDate "2025.01.31"]
[SourceVersion "1"]
[SourceVersionDate "2025.01.31"]
[SourceQuality "1"]

1. e4 e5 2. Nc3 Nc6 3. Bc4 Nf6 4. f4 exf4 5. Nf3 d6 6. d4 Bg4 7. Bxf4 Bxf3 8. gxf3 g6 9. Qd2 Bg7 10. O-O-O Nh5 11. Be3 O-O 12. f4 a5 13. f5 Kh8 14. Bh6 Ne7 15. Bxg7+ Kxg7 16. Be2 Nf6 17. Qg5 h6 18. Qg3 Nh7 19. Rhf1 Qd7 20. Bg4 Qd8 21. e5 Kg8 22. h4 Kh8 23. Ne4 gxf5 24. Bxf5 Nxf5 25. Rxf5 dxe5 26. Qxe5+ f6 27. Qf4 Qe7 28. Rf1 Ra6 29. Nc5 Rc6 30. Qxh6 b6 31. Nd3 Re6 32. Ne5 Rg8 33. Nf3 Rg2 34. d5 Ree2 35. Kd1 Qe4 36. Qc1 Rxc2 37. Qf4 Qe2# 0-1

[Event "Hampshire Major"]
[Site "Eastleigh"]
[Date "2012.11.18"]
[Round "6"]
[White "French, Max"]
[Black "Moore, Gillian A"]
[Result "1/2-1/2"]
[WhiteElo "1608"]
[BlackElo "1760"]
[PlyCount "100"]
[EventDate "2012.11.16"]
[EventType "swiss"]
[EventRounds "6"]
[EventCountry "ENG"]
[SourceTitle "BritBase"]
[Source "John Saunders"]
[SourceDate "2025.01.31"]
[SourceVersion "1"]
[SourceVersionDate "2025.01.31"]
[SourceQuality "1"]

1. d4 Nc6 2. c4 e5 3. d5 Nce7 4. Nc3 Ng6 5. Nf3 Bc5 6. Bg5 f6 7. Bd2 f5 8. e4 d6 9. Bd3 f4 10. Bc2 Nf6 11. Ba4+ Bd7 12. Bxd7+ Qxd7 13. h3 a5 14. Ng5 Ba7 15. Ne6 Nf8 16. Nb5 Nxe6 17. dxe6 Qe7 18. f3 Bb6 19. Qa4 O-O 20. O-O-O Qxe6 21. Be1 Nd7 22. Qc2 Nc5 23. b3 Rfd8 24. Bc3 Qg6 25. Be1 c6 26. Nc3 Ne6 27. Na4 Be3+ 28. Kb1 Nd4 29. Qd3 Qxg2 30. Bh4 Rd7 31. Nb6 Nc2 32. Nxd7 Na3+ 33. Ka1 Bd4+ 34. Qxd4 exd4 35. Rhg1 Qxf3 36. Kb2 Nxc4+ 37. bxc4 Qc3+ 38. Kb1 Qxc4 39. Bf6 Qb5+ 40. Ka1 g6 41. Bxd4 c5 42. Nf6+ Kf7 43. Bb2 Qc6 44. Nxh7 Re8 45. Rgf1 Ke7 46. Rxf4 Kd8 47. Ng5 Kc8 48. Nf7 Re6 49. Ng5 Re8 50. Nf7 Re6 1/2-1/2

[Event "Hampshire Major"]
[Site "Eastleigh"]
[Date "2012.11.18"]
[Round "6"]
[White "Hurn, Paul AT"]
[Black "Venables, Simon"]
[Result "1-0"]
[WhiteElo "1680"]
[BlackElo "1712"]
[PlyCount "33"]
[EventDate "2012.11.16"]
[EventType "swiss"]
[EventRounds "6"]
[EventCountry "ENG"]
[SourceTitle "BritBase"]
[Source "John Saunders"]
[SourceDate "2025.01.31"]
[SourceVersion "1"]
[SourceVersionDate "2025.01.31"]
[SourceQuality "1"]

1. e4 g6 2. d4 Bg7 3. Nf3 d6 4. Be2 c5 5. Be3 Nc6 6. c3 b6 7. O-O Nf6 8. Qc2 O-O 9. d5 Ne5 10. Nxe5 dxe5 11. Nd2 Ng4 12. Bg5 h6 13. Bh4 g5 14. Bg3 f5 15. exf5 Bxf5 16. Qd1 Qxd5 17. Bc4 1-0

[Event "Hampshire Major"]
[Site "Eastleigh"]
[Date "2012.11.18"]
[Round "6"]
[White "Pope, Michael"]
[Black "Matthew, Ian G"]
[Result "1/2-1/2"]
[WhiteElo "1624"]
[BlackElo "1752"]
[PlyCount "61"]
[EventDate "2012.11.16"]
[EventType "swiss"]
[EventRounds "6"]
[EventCountry "ENG"]
[SourceTitle "BritBase"]
[Source "John Saunders"]
[SourceDate "2025.01.31"]
[SourceVersion "1"]
[SourceVersionDate "2025.01.31"]
[SourceQuality "1"]

1. e4 c5 2. Nc3 e6 3. Nf3 a6 4. a4 Nc6 5. d4 cxd4 6. Nxd4 Qc7 7. Nf3 Nf6 8. Bc4 Bb4 9. Bd3 Bxc3+ 10. bxc3 Ne5 11. Bd2 Ng6 12. g3 b6 13. h4 Bb7 14. Qe2 O-O 15. c4 d5 16. e5 Nd7 17. Bxg6 fxg6 18. Ng5 dxc4 19. Rh2 Qxe5 20. Qxe5 Nxe5 21. f4 Nf3+ 22. Nxf3 Bxf3 23. Rf2 Bd5 24. Bc3 b5 25. a5 Rab8 26. Rb1 Rf7 27. Bb4 Rc8 28. c3 Rd7 29. Re2 Kf7 30. Kf2 Rcd8 31. Rbe1 1/2-1/2

[Event "Hampshire Major"]
[Site "Eastleigh"]
[Date "2012.11.18"]
[Round "6"]
[White "Roberts, Michael"]
[Black "Sullivan, Ken"]
[Result "1-0"]
[WhiteElo "1704"]
[BlackElo "1640"]
[PlyCount "53"]
[EventDate "2012.11.16"]
[EventType "swiss"]
[EventRounds "6"]
[EventCountry "ENG"]
[SourceTitle "BritBase"]
[Source "John Saunders"]
[SourceDate "2025.01.31"]
[SourceVersion "1"]
[SourceVersionDate "2025.01.31"]
[SourceQuality "1"]

1. d4 d5 2. e3 Nf6 3. Bd3 Bg4 4. f3 Bh5 5. Ne2 Bg6 6. O-O Bxd3 7. Qxd3 e6 8. e4 dxe4 9. fxe4 Be7 10. e5 Nfd7 11. Qg3 g6 12. Qf3 f5 13. Nf4 Nf8 14. Be3 Nc6 15. Rd1 Qd7 16. Nc3 O-O-O 17. d5 Nxe5 18. Qe2 Bf6 19. dxe6 Qg7 20. Rxd8+ Bxd8 21. Bd4 Bf6 22. Re1 Nf3+ 23. Qxf3 Bxd4+ 24. Kh1 c6 25. e7 Nd7 26. e8=Q+ Rxe8 27. Rxe8+ 1-0

[Event "Hampshire Major"]
[Site "Eastleigh"]
[Date "2012.11.18"]
[Round "6"]
[White "Ross, David EC"]
[Black "Samuels, Henry Alexander"]
[Result "1-0"]
[WhiteElo "1704"]
[BlackElo "1824"]
[PlyCount "35"]
[EventDate "2012.11.16"]
[EventType "swiss"]
[EventRounds "6"]
[EventCountry "ENG"]
[SourceTitle "BritBase"]
[Source "John Saunders"]
[SourceDate "2025.01.31"]
[SourceVersion "1"]
[SourceVersionDate "2025.01.31"]
[SourceQuality "1"]

1. e4 e5 2. f4 d5 3. exd5 e4 4. d3 e3 5. Qf3 Nf6 6. Nc3 Bb4 7. Qxe3+ Qe7 8. Qxe7+ Kxe7 9. Bd2 Re8 10. O-O-O Kf8 11. Nge2 Bg4 12. Re1 Bxe2 13. Bxe2 Bxc3 14. Bxc3 Nxd5 15. Bf3 Rxe1+ 16. Rxe1 c6 17. Bxd5 cxd5 18. Bb4+ 1-0

[Event "Hampshire Major"]
[Site "Eastleigh"]
[Date "2012.11.18"]
[Round "6"]
[White "Stone, Mark R"]
[Black "Mallon, Gunnar"]
[Result "0-1"]
[WhiteElo "1600"]
[BlackElo "1736"]
[PlyCount "75"]
[EventDate "2012.11.16"]
[EventType "swiss"]
[EventRounds "6"]
[EventCountry "ENG"]
[SourceTitle "BritBase"]
[Source "John Saunders"]
[SourceDate "2025.01.31"]
[SourceVersion "1"]
[SourceVersionDate "2025.01.31"]
[SourceQuality "1"]

1. e4 e6 2. d4 d5 3. Nd2 Nf6 4. e5 Nfd7 5. Bd3 c5 6. c3 Nc6 7. Ne2 Qb6 8. Nf3 cxd4 9. cxd4 f6 10. exf6 Nxf6 11. O-O Bd6 12. Re1 O-O 13. Bf4 Bxf4 14. Nxf4 Ne4 15. Nh5 Nxf2 16. Bxh7+ Kxh7 17. Qc2+ Ne4 18. Rxe4 dxe4 19. Qxe4+ g6 20. Rd1 Rxf3 21. gxf3 e5 22. Nf6+ Kg7 23. Ne8+ Kf8 24. Nd6 Bf5 25. Nxf5 gxf5 26. Qxf5+ Ke7 27. Qh7+ Ke6 28. Qg6+ Kd7 29. Qf5+ Kc7 30. Qf7+ Kb8 31. Qe8+ Qd8 32. Qxd8+ Nxd8 33. dxe5 Kc7 34. e6 Nxe6 35. Re1 Rg8+ 36. Kf2 Nf4 37. Rc1+ Kb6 38. Rc4 0-1